Real Madryt - Strzelcy Bramek w LM (2010-2019) - Statystyki

Ogólne statystyki
  • Ten quiz został rozwiązany 123 razy
  • Średni wynik to 19 z 34
Statystyki odpowiedzi
Bramki Narodowość Zawodnik % Poprawnych
99 Portugalczyk Cristiano Ronaldo
100%
16 Walijczyk Gareth Bale
99%
51 Francuz Karim Benzema
99%
5 Chorwat Luka Modric
96%
3 Niemiec Toni Kroos
91%
10 Hiszpan Sergio Ramos
89%
9 Brazylijczyk Marcelo
88%
8 Argentyńczyk Angel Di Maria
86%
8 Argentyńczyk Gonzalo Higuain
75%
2 Kolumbijczyk James Rodriguez
69%
1 Brazylijczyk Vinicius Junior
67%
5 Brazylijczyk Casemiro
66%
1 Hiszpan Dani Carvajal
64%
1 Portugalczyk Pepe
62%
5 Hiszpan Isco
61%
4 Niemiec Mesut Özil
60%
6 Hiszpan Marco Asensio
54%
2 Chorwat Mateo Kovacic
51%
2 Francuz Raphael Varane
50%
1 Niemiec Sami Khedira
50%
1 Dominikańczyk Mariano Diaz
48%
1 Hiszpan Jese Rodriguez
47%
4 Brazylijczyk Rodrygo
46%
2 Hiszpan Nacho Fernandez
43%
1 Meksykanin Javier Hernandez
42%
4 Hiszpan Alvaro Morata
40%
2 Togijczyk Emmanuel Adebayor
37%
4 Brazylijczyk Kaka
36%
3 Hiszpan Alvaro Arbeloa
35%
3 Hiszpan Lucas Vazquez
26%
7 Hiszpan Jose Callejon
11%
1 Hiszpan Borja Mayoral
7%
1 Hiszpan Pedro Leon
3%
1 Hiszpan Alvaro Medran
2%
Nie znaleziono quizów pasujących do podanych kryteriów
Rozkład punktacji
Procent ludzi z każdym wynikiem
Percentyl według liczby udzielonych odpowiedzi
Twoja historia wyników
Nie rozwiązałeś tego quizu